=LDR 00000nam 2200000 4500 =001 INLIS000000000014761 =005 20130612110034 =008 ***********************************Ind** =035 ##$$0010-061300000014761 =041 ##$$a Ind =082 ##$$a F 813 =090 ##$$a F 813, Ste j =100 ##$$a Steel, Danielle =245 ##$$a Jika hati saling bertaut, Danielle Steel; alih bahasa, Indri K. Hidayat =260 ##$$a 1994 $b Jakarta =300 ##$$a 504 hlm, 18 cm =650 ##$$a Fiksi =700 ##$$a Hidayat, Indri K =850 ##$$a NBPNMAT